Principles of compiler design (Record no. 162635)

MARC details
000 -LEADER
fixed length control field 00363nam a2200145Ia 4500
008 - FIXED-LENGTH DATA ELEMENTS--GENERAL INFORMATION
fixed length control field 231217s9999 xx 000 0 und d
041 ## - LANGUAGE CODE
Language code of text/sound track or separate title English
082 ## - DEWEY DECIMAL CLASSIFICATION NUMBER
Classification number 001.6425 AHO;1
100 ## - MAIN ENTRY--PERSONAL NAME
Personal name Aho, Alfred V. Ullman, Jefferey D.
245 #0 - TITLE STATEMENT
Title Principles of compiler design
260 ## - PUBLICATION, DISTRIBUTION, ETC.
Date of publication, distribution, etc. 1993
Name of publisher, distributor, etc. Narosa
300 ## - PHYSICAL DESCRIPTION
Extent 612
650 ## - SUBJECT ADDED ENTRY--TOPICAL TERM
Topical term or geographic name entry element Compiler design
942 ## - ADDED ENTRY ELEMENTS (KOHA)
Koha item type Books
Holdings
Date last seen Total checkouts Full call number Accession number Cost, total (INR) price Price effective from Category Lost status Damaged status Department Withdrawn status Home library Current library Entry date Cost, normal purchase price Grants Billnumber Billdate Currency symbol Conversion rate Discount Old discount Vendor
26/01/2024   001.6425 AHO;1 5384 106.25 26/01/2024 Books     Central Library   Central Library Central Library 10/04/1993 125.00 CS 164 21/11/1995 RS 1 18.75 15  
26/01/2024   001.6425 AHO 5385 106.25 26/01/2024 Books     Central Library   Central Library Central Library 10/04/1993 125.00 CS 164 21/11/1995 RS 1 18.75 15 Gangarams books bureu

© For any Suggestions or Query, please contact the library staff @ librarian@pes.edu or Phone: +9180 2672 1983/ 2108.